00932nam a2200241 a 4500001001000000003000900010005001700019007000300036008004100039020001500080040002500095082001300120100003900133245017800172260004200350300003600392500002200428500005500450650006200505700004800567700002800615710004700643000002460DO-SdBNP20250128193628.0ta090702e2001 dr ac gr 001 edspa d a9993423211 aDO-SdBNPbspacBNPHU 4bE77a2221 aEspinal Hernández, Edwin,d1971-10aAsociación para el desarrollo, inc. :b40 años, una historia /cEdwin Espinal Hernández ; prólogo, Alejandro E. Grullón E. ; presentación, Félix M. García C. aSanto Domingo :bBanco Popular,c2001 a348 p. :bil., retrs. ;c23 cm. aIncluye índice. aIncluye bibliografía y notas a pie de páginas. 4aOrganizaciones no-gubernamentaleszRepública Dominicana1 aEspinal Hernández, Edwin,d1971-epról.1 aC. García, Félix M.2 aBanco Popular de la República Dominicana